Irak čaká na podanie ruky

Bibliographic Details
Main Author: Brabec, Jaroslav (Author)
Format: Article
Language:Slovak
Subjects:

MARC

LEADER 00000nab a2200000 a 4500
001 vtls000533992
003 SK-MaSNL
005 20260305015522.0
008 210623c1994 xo 0 slo
015 |a SNBRB19rr/mm-uuuuu 
035 |a CL0534130 
040 |a SNKBUCL  |b slo  |c SNKBUCL  |e AACR2 
041 0 |a slo 
044 |a xo  |c SK 
080 |a 341.123.043:339.545(567)  |2 1981 
080 |a 339.545(567)  |2 1981 
080 |a 327(567)  |2 1981 
100 1 |a Brabec, Jaroslav  |4 aut  |9 278536 
245 1 0 |a Irak čaká na podanie ruky  |c Jaroslav Brabec 
300 |b Mp. 1 
610 2 7 |a Organizácia spojených národov  |2 SNKKA  |9 84034 
650 0 7 |a Bezpečnostná rada OSN  |2 snkbucl  |9 996313 
651 7 |a Irak  |2 snkbucl  |9 28953 
655 7 |a články z novín a časopisov  |2 snkbucl  |9 267496 
773 0 |t Hospodárske noviny  |g Č. 219 (15. 11. 1994), s. 1 a 12  |x 0862-9567 
850 |a Slovenská národná knižnica v Martine  |a MTA001 
852 |a SNK  |b KIS3GCP 
958 |a RK 
958 |a IQ 
992 |a RBX 
999 |c 3275607  |d 3277537